02127cam a22003854i 4500003000900000005001700009008004100026035002000067040003300087100004800120245016800168264001000336300003900346336002100385337002500406338002300431502005800454504002500512520100900537526001001546526001001556526000901566526000901575526000901584526000901593526000901602526000901611526000901620526000801629526000801637526000801645526000801653526000801661650007201669PE-LiUPU20250731165404.0151002s2014 pe a grm 000 0 spa d a(Sirsi) a154751 aPE-LiUPUbspacPE-LiUPUerda1 aFarfán Rodríguez, Daniel Josuéeautor1 aRasgos de personalidad y su relación con la satisfacción marital en trabajadores de la Universidad Peruan Unión, 2013 /cDaniel Josué Farfán Rodríguez. 0c2014. a99 hojas : bilustraciones;c30 cm atext2rdacontent aunmediated2rdamedia avolume2rdacarrier aTesisb(Mg.) -- cUniversidad Peruana Unión,d2014. aIncluye referencias3 aLa presente investigación tiene como objetivo identificar si existe relación significativa entre rasgos de personalidad y satisfacción marital en un grupo de 97 trabajadores de la Universidad Peruana Unión, de ambos sexos, entre 20 años de edad a más, de 0 a 41 años de casados a más. Para alcanzar tal propósito se empleó el Cuestionario EPQR Abreviado de Eysenck, Eysenck y Barrett (adaptado por Sandin, Valiente, Olmedo, Chorot y Santed, 2002) y el Inventario Multifacético de Satisfacción Marital (Coñetas, Rivera y Díaz-Loving, 2002). Los resultados muestran que en las mujeres el rasgo de personalidad neuroticismo tiene relación negativa y es altamente significativa con la satisfacción marital en las áreas de interacción, física sexual y recreación. Esto indica que a mayor inestabilidad emocional, las mujeres perciben menor interacción, menor expresión físico-corporal e insatisfacción en las propuestas de recreación por parte de sus parejas. aSEG44 aSEG26 aP151 aP150 aP149 aP146 aP145 aP126 aP125 aP92 aP75 aP74 aP27 aP1504aPersonalidad y satisfacción marital (Universidad Peruana Unión)